000 02208cam a22004097a 4500
001 105565
003 BJBSDDR
005 20250908153611.0
007 ta
008 250908s2011 sp a b 001 0 spa
010 _a 2007297733
015 _aGBA3-Y8755
020 _a9788420653686
035 _a14884318
035 _a(OCoLC)ocm51668491
035 _a(OCoLC)51668491
040 _aUKM
_cUKM
_dOCLCQ
_dBAKER
_dBTCTA
_dBWKUK
_dYDXCP
_dDLC
_bspa
041 _aspa
042 _alccopycat
050 1 4 _bS654c 2011
082 0 0 _a081
100 1 _aSmith, Leonard A
_944813
245 1 0 _aCaos :
_buna breve introducción /
_cLeonard A. Smith.
260 _aMadrid ;
_bAlianza Editorial,
_c2011.
300 _a263 páginas ;
_bilustraciones ;
_c18 cm.
490 1 _aEl libro de bolsillo ;
_vC10
504 _aIncludes bibliographical references (p. 169-171) and index.
520 _aDescripción del editor: "Divulgado a través de películas y obras de ciencia ficción, el "efecto mariposa" constituye la plasmación mas conocida del concepto de caos. La teoría del caos estudia cómo cambios muy pequeños y en apariencia insignificantes pueden tener enormes e inesperadas consecuencias en el tiempo. La aplicación de esta teoría a nuevos y distintos campos de investigación, como el cambio climático, la astronomía, la predicción del tiempo o, incluso, los juegos de azar, demuestra su gran utilidad práctica, así como sus enormes posibilidades de utilización en terrenos aún desconocidos. En "Caos: una breve introducción", Leonard Smith consigue transmitir de forma clara y accesible para el público interesado las claves fundamentales de esta fascinante teoría científica.
650 0 _aChaotic behavior in systems
_vPopular works.
730 0 _aVery short introductions.
830 0 _aEl libro de bolsillo
_99452
856 4 1 _3Table of contents only
_uhttp://www.loc.gov/catdir/toc/fy0713/2007297733.html
856 4 2 _3Contributor biographical information
_uhttp://www.loc.gov/catdir/enhancements/fy0737/2007297733-b.html
856 4 2 _3Publisher description
_uhttp://www.loc.gov/catdir/enhancements/fy0737/2007297733-d.html
942 _2lcc
_cBK
_n0
946 _irmza
999 _c125089
_d125089